Studia i przyczynki mlodych pracowników nauki

Salvato in:
Dettagli Bibliografici
Natura: Libro
Lingua:polacco
Pubblicazione: Poznan Akademia Ekonomiczna 1980
Serie:Zeszyty naukowe-seria 1 zeszyt nr. 82
Tags: Aggiungi Tag
Nessun Tag, puoi essere il primo ad aggiungerne!!

MARC

LEADER 00000nam a2200000 4500
001 c125195
005 20041019155234.3
041 0 |a pol 
044 |a PL 
245 1 0 |a Studia i przyczynki mlodych pracowników nauki 
264 1 |a Poznan  |b Akademia Ekonomiczna  |c 1980 
300 |a 202 s. 
490 1 |a Zeszyty naukowe-seria 1  |v zeszyt nr. 82 
830 0 |a Zeszyty naukowe-seria 1  |v zeszyt nr. 82